书目信息 |
| 题名: |
柳宗元评传
|
|
| 作者: | 孙昌武 著 | |
| 分册: | ||
| 出版信息: | 南京 南京大学出版社 2011.04 |
|
| 页数: | 413页 | |
| 开本: | 23cm | |
| 丛书名: | 中国思想家评传丛书 | |
| 单 册: | ||
| 中图分类: | K825.6 | |
| 科图分类: | ||
| 主题词: | ||
| 电子资源: | ||
| ISBN: | 978-7-305-05991-9 | |
| 000 | 01174nam 2200277 450 | |
| 001 | 012011424081 | |
| 005 | 20111205143116.21 | |
| 010 | @a978-7-305-05991-9@dCNY54.00 | |
| 100 | @a20111204d2011 em y0chiy0120 ea | |
| 101 | 0 | @achi |
| 102 | @aCN@b320000 | |
| 105 | @ac a 001yd | |
| 106 | @ar | |
| 200 | 1 | @a柳宗元评传@Aliu zong yuan ping chuan@f孙昌武著@Fsun chang wu zhu |
| 210 | @a南京@c南京大学出版社@d2011.04 | |
| 215 | @a413页@c肖像@d23cm | |
| 225 | 2 | @a中国思想家评传丛书@Azhong guo si xiang jia ping chuan cong shu@e典藏版 |
| 312 | @a英文并列题名取自封底 | |
| 320 | @a有书目和索引 | |
| 330 | @a柳宗元是唐代卓越的思想家、政治家和文学家,是代表一代思想学术成就的杰出人物。本书在广阔的社会历史及其思想文化背景下,细致地介绍了柳宗元的一生经历,他的政能、文才;在此基础上,详细论述了他在政治思想、哲学思想、历史观、文学思想以及宗教观等方面的理论成就和贡献。全书资料丰富,考证详明,论说透辟,可读性强,反映了当代柳宗元研究的新水平。 | |
| 410 | 0 | @12001 @a中国思想家评传丛书 |
| 600 | 0 | @a柳宗元,@Aliu zong yuan@f773-819@x评传 |
| 690 | @aK825.6@v4 | |
| 701 | 0 | @a孙昌武@Asun chang wu@4著 |
| 801 | 0 | @aCN@bQSSK@c20111205 |
| 905 | @b795701@dK825.6@eL759@f1 | |
| 柳宗元评传/孙昌武著.-南京:南京大学出版社,2011.04 |
| 413页:肖像;23cm.-(中国思想家评传丛书:典藏版) |
| ISBN 978-7-305-05991-9:CNY54.00 |
| 柳宗元是唐代卓越的思想家、政治家和文学家,是代表一代思想学术成就的杰出人物。本书在广阔的社会历史及其思想文化背景下,细致地介绍了柳宗元的一生经历,他的政能、文才;在此基础上,详细论述了他在政治思想、哲学思想、历史观、文学思想以及宗教观等方面的理论成就和贡献。全书资料丰富,考证详明,论说透辟,可读性强,反映了当代柳宗元研究的新水平。 |
| ● |
| 相关链接 |
|
|
|
正题名:柳宗元评传
索取号:K825.6/L759
 
预约/预借
| 序号 | 登录号 | 条形码 | 馆藏地/架位号 | 状态 | 备注 |
| 1 | 795701 | 207957013 | 社科库309/309社科库 52排2列1层/ [索取号:K825.6/L759] | 在馆 |